आक्रोश (Record no. 34154)

MARC details
000 -LEADER
fixed length control field 00372nam a2200145Ia 4500
008 - FIXED-LENGTH DATA ELEMENTS--GENERAL INFORMATION
fixed length control field 090122s9999 xx 000 0 und d
082 ## - DEWEY DECIMAL CLASSIFICATION NUMBER
Item number 10077
100 ## - MAIN ENTRY--PERSONAL NAME
Personal name गस्ती
Numeration भीमराव
245 ## - TITLE STATEMENT
Title आक्रोश
600 ## - SUBJECT ADDED ENTRY--PERSONAL NAME
Personal name गस्ती
630 ## - SUBJECT ADDED ENTRY--UNIFORM TITLE
Uniform title आक्रोश
700 ## - ADDED ENTRY--PERSONAL NAME
Personal name गस्ती
730 ## - ADDED ENTRY--UNIFORM TITLE
Uniform title आक्रोश
942 ## - ADDED ENTRY ELEMENTS (KOHA)
Koha item type Book
Holdings
Withdrawn status Lost status Damaged status Not for loan Home library Current library Date acquired Total Checkouts Full call number Barcode Date last seen Copy number Price effective from Koha item type
        Dombivali Granthasangrahalaya, Dombivali Dombivali Granthasangrahalaya, Dombivali 01/22/2009   10077 DOM-10077 01/22/2009 1 01/22/2009 Book